| 000 | 00706nam a2200217Ia 4500 | ||
|---|---|---|---|
| 003 | GCL | ||
| 008 | 140319s9999 xx 000 0 ara d | ||
| 040 |
_aGCL / _cGCL |
||
| 082 | 0 | 4 |
_a575.7 _bر ا |
| 100 | 1 | _aمصطفى ابراهيم فهمى | |
| 245 | 1 | 0 |
_aالانقراض جينات سيئة ام حظ سىء / _cمصطفى ابراهيم فهمى |
| 700 | 1 | _aروب، دافيدم | |
| 700 | 1 | _aجولد، لستيفن جاى | |
| 300 | _a273 ص | ||
| 490 |
_aالمشروع القومى للترجمة _v0 |
||
| 650 | 0 | 4 | _aالتاريخ الطبيعى |
| 650 | 0 | 4 | _aالاحياء، علم |
| 650 | 0 | 4 | _aالوراثة - فسيولوجيا |
| 650 | 0 | 4 | _aالانقراض |
| 942 |
_2ddc _cBK |
||
| 999 |
_c52137 _d52137 |
||